Größte Städte Mecklenburg-Vorpommern - Statistiken

Allgemein
  • Dieses Quiz wurde 30 mal gespielt
  • Das Durchschnittsergebnis liegt bei 7 aus 10
Antwortstatistiken
Einwohner Antwort % Korrekt
205.000 Rostock
100%
98.000 Schwerin
100%
54.000 Stralsund
93%
56.000 Greifswald
89%
60.000 Neubrandenburg
81%
43.000 Wismar
74%
29.000 Güstrow
44%
20.000 Neustrelitz
41%
18.000 Parchim
41%
20.000 Waren (Müritz)
26%
Keine übereinstimmenden Quizze gefunden
Verteilung der Resultate
Anzahl Personen mit jedem Resultat
Perzentil nach korrekt beantworteten Fragen
Ihre Resultats-Entwicklung
Sie haben dieses Quiz noch nicht gespielt